[Event "DVM U16 2019"]
[Site "Magdeburg GER"]
[Date "2019.12.27"]
[Round "1"]
[White "Afonso, Phil"]
[Black "Ponomarev, Maximilian"]
[Result "0-1"]
[Termination "normal"]
[Board "2.4"]
[WhiteElo "1650"]
[BlackElo "2046"]
[WhiteClock "00:35:35"]
[BlackClock "00:27:38"]
[WhiteTeam "SF 59 Kornwestheim"]
[BlackTeam "SK München Südost"]
[PlyCount "66"]
[WhiteFideId "16207475"]
[BlackFideId "16216768"]
[EventCountry "GER"]
[EventRounds "7"]
[EventType "team-swiss"]
[EventDate "2019.12.26"]

1. e4 {[%clk 1:30:51]} c5 {[%clk 1:30:55]} 2. Nf3 {[%clk 1:31:10]} e6 {[%clk
1:31:21]} 3. d4 {[%clk 1:31:31]} cxd4 {[%clk 1:31:47]} 4. Nxd4 {[%clk 1:31:51]}
a6 {[%clk 1:32:12]} 5. Nc3 {[%clk 1:31:50]} Qc7 {[%clk 1:32:36]} 6. Bd3 {[%clk
1:31:55]} Nf6 {[%clk 1:32:58]} 7. O-O {[%clk 1:31:17]} Bc5 {[%clk 1:33:16]} 8.
Nb3 {[%clk 1:30:52]} Be7 {[%clk 1:33:36]} 9. Be3 {[%clk 1:30:35]} O-O {[%clk
1:33:56]} 10. f4 {[%clk 1:30:05]} d6 {[%clk 1:16:55]} 11. Rf3 {[%clk 1:26:23]}
Nbd7 {[%clk 1:12:28]} 12. Rg3 {[%clk 1:21:28]} Kh8 {[%clk 1:05:14]} 13. Qe2
{[%clk 1:17:46]} b5 {[%clk 1:00:30]} 14. a3 {[%clk 1:17:16]} Bb7 {[%clk
1:00:48]} 15. Rh3 {[%clk 1:11:06]} Rfe8 {[%clk 0:47:59]} 16. Nd2 {[%clk
1:08:04]} Nc5 {[%clk 0:43:54]} 17. Bxc5 {[%clk 0:58:59]} Qxc5+ {[%clk 0:43:48]}
18. Kf1 {[%clk 0:59:01]} e5 {[%clk 0:42:40]} 19. f5 {[%clk 0:57:24]} Rad8
{[%clk 0:38:19]} 20. Nf3 {[%clk 0:55:32]} Kg8 {[%clk 0:36:54]} 21. Rd1 {[%clk
0:45:20]} Bf8 {[%clk 0:33:55]} 22. Qf2 {[%clk 0:44:22]} Qxf2+ {[%clk 0:32:40]}
23. Kxf2 {[%clk 0:44:43]} d5 {[%clk 0:33:02]} 24. exd5 {[%clk 0:44:31]} e4
{[%clk 0:33:03]} 25. Nxe4 {[%clk 0:41:00]} Nxe4+ {[%clk 0:32:49]} 26. Bxe4
{[%clk 0:40:28]} Rxe4 {[%clk 0:31:11]} 27. Ng5 {[%clk 0:39:48]} Rf4+ {[%clk
0:30:27]} 28. Kg3 {[%clk 0:39:27]} Bd6 {[%clk 0:29:39]} 29. Rd3 {[%clk
0:37:05]} Rxf5+ {[%clk 0:30:04]} 30. Kg4 {[%clk 0:37:17]} Rf4+ {[%clk 0:29:23]}
31. Kg3 {[%clk 0:37:26]} Bc8 {[%clk 0:27:26]} 32. Rh4 {[%clk 0:36:07]} Rg4+
{[%clk 0:27:38]} 33. Kh3 {[%clk 0:35:35]} Rg3# 0-1

[Event "DVM U16 2019"]
[Site "Magdeburg GER"]
[Date "2019.12.27"]
[Round "1"]
[White "Kosev, Momchil"]
[Black "Woelk, Tom-Frederic"]
[Result "0-1"]
[Termination "normal"]
[Board "3.1"]
[WhiteElo "1814"]
[BlackElo "2245"]
[WhiteClock "00:00:38"]
[BlackClock "00:11:31"]
[WhiteTeam "Erfurter Schachklub"]
[BlackTeam "Hamburger SK"]
[PlyCount "76"]
[WhiteFideId "12975982"]
[BlackFideId "12993077"]
[EventCountry "GER"]
[EventRounds "7"]
[EventType "team-swiss"]
[EventDate "2019.12.26"]

1. Nf3 {[%clk 1:30:56]} Nf6 {[%clk 1:30:52]} 2. g3 {[%clk 1:31:11]} b5 {[%clk
1:31:14]} 3. Bg2 {[%clk 1:31:32]} Bb7 {[%clk 1:31:41]} 4. d4 {[%clk 1:28:08]}
e6 {[%clk 1:31:41]} 5. O-O {[%clk 1:26:52]} c5 {[%clk 1:27:55]} 6. b3 {[%clk
1:20:40]} cxd4 {[%clk 1:24:00]} 7. Bb2 {[%clk 1:18:01]} Be7 {[%clk 1:23:06]} 8.
Bxd4 {[%clk 1:13:25]} Nc6 {[%clk 1:22:34]} 9. Bb2 {[%clk 1:11:03]} O-O {[%clk
1:22:42]} 10. a4 {[%clk 1:03:23]} b4 {[%clk 1:20:42]} 11. Nbd2 {[%clk 0:55:39]}
d5 {[%clk 1:11:46]} 12. Re1 {[%clk 0:46:13]} Qb6 {[%clk 1:10:04]} 13. e3 {[%clk
0:40:17]} Rac8 {[%clk 1:05:07]} 14. Rc1 {[%clk 0:38:22]} Rfd8 {[%clk 1:05:05]}
15. Nd4 {[%clk 0:36:27]} Na5 {[%clk 0:56:00]} 16. h3 {[%clk 0:26:38]} Nd7
{[%clk 0:49:08]} 17. N2f3 {[%clk 0:22:41]} Nc5 {[%clk 0:48:03]} 18. Ne5 {[%clk
0:18:42]} f6 {[%clk 0:42:33]} 19. Nd3 {[%clk 0:17:19]} Nxd3 {[%clk 0:35:02]}
20. Qxd3 {[%clk 0:14:58]} e5 {[%clk 0:29:57]} 21. Nf5 {[%clk 0:14:01]} Bf8
{[%clk 0:30:12]} 22. g4 {[%clk 0:12:43]} Rd7 {[%clk 0:24:26]} 23. Red1 {[%clk
0:11:01]} Rcd8 {[%clk 0:21:29]} 24. e4 {[%clk 0:07:36]} dxe4 {[%clk 0:13:54]}
25. Qxd7 {[%clk 0:07:14]} Rxd7 {[%clk 0:14:23]} 26. Rxd7 {[%clk 0:07:36]} Bc8
{[%clk 0:13:47]} 27. Rdd1 {[%clk 0:06:09]} Bc5 {[%clk 0:11:40]} 28. Bxe4 {[%clk
0:03:56]} g6 {[%clk 0:11:05]} 29. Bd5+ {[%clk 0:03:31]} Kf8 {[%clk 0:11:16]}
30. Ne3 {[%clk 0:03:42]} Bxe3 {[%clk 0:11:41]} 31. fxe3 {[%clk 0:04:11]} Qxe3+
{[%clk 0:12:05]} 32. Kg2 {[%clk 0:03:25]} h5 {[%clk 0:12:06]} 33. Rd3 {[%clk
0:01:49]} Qe2+ {[%clk 0:12:11]} 34. Kh1 {[%clk 0:01:42]} hxg4 {[%clk 0:12:06]}
35. hxg4 {[%clk 0:01:56]} Bxg4 {[%clk 0:12:07]} 36. Bg2 {[%clk 0:02:10]} Bf5
{[%clk 0:11:21]} 37. Rd5 {[%clk 0:01:19]} Be4 {[%clk 0:11:39]} 38. Rd2 {[%clk
0:00:38]} Bxg2+ {[%clk 0:11:31]} 0-1

[Event "DVM U16 2019"]
[Site "Magdeburg GER"]
[Date "2019.12.27"]
[Round "1"]
[White "Kotyk, Michael"]
[Black "Wagner, Margarethe"]
[Result "1-0"]
[Termination "normal"]
[Board "3.2"]
[WhiteElo "2103"]
[BlackElo "1805"]
[WhiteTeam "Hamburger SK"]
[BlackTeam "Erfurter Schachklub"]
[PlyCount "105"]
[WhiteFideId "16214501"]
[BlackFideId "16236947"]
[EventCountry "GER"]
[EventRounds "7"]
[EventType "team-swiss"]
[EventDate "2019.12.26"]

1. Nf3 Nf6 2. b3 g6 3. Bb2 Bg7 4. c4 O-O 5. g3 d6 6. d4 Nbd7 7. Bg2 Re8 8. O-O
c6 9. Nc3 Qc7 10. e4 e5 11. Re1 Nf8 12. d5 Bg4 13. Qc2 Bxf3 14. Bxf3 Rad8 15.
Rac1 h5 16. b4 Bh6 17. Rcd1 cxd5 18. Nxd5 Nxd5 19. Rxd5 Ne6 20. Red1 Bg7 21.
Qd3 b6 22. Be2 Bf8 23. Qb3 Qb7 24. Bf3 Qe7 25. h4 Nc7 26. R5d3 Ne6 27. Bg2 Qb7
28. Re3 Rc8 29. Bh3 b5 30. cxb5 Qxb5 31. Bf1 Qb7 32. Bc4 Rb8 33. a3 Qb6 34.
Red3 a5 35. Bc3 Kg7 36. Qa2 axb4 37. Bxb4 Rbd8 38. Kg2 Qc7 39. Bxe6 Rxe6 40.
Rc3 Qb7 41. Qd5 Qa7 42. Rd2 Rde8 43. Rdc2 Qd4 44. Rd2 Qa7 45. Rc4 f5 46. Rdc2
Qa8 47. Rc7+ Kf6 48. Bd2 g5 49. Bxg5+ Kg6 50. Rc8 Qa4 51. R2c4 Qa7 52. exf5+
Kxf5 53. Qe4# 1-0

[Event "DVM U16 2019"]
[Site "Magdeburg GER"]
[Date "2019.12.27"]
[Round "1"]
[White "Wagner, Victoria"]
[Black "Grabbel, Lennart Christian"]
[Result "1-0"]
[Termination "normal"]
[Board "3.3"]
[WhiteElo "1797"]
[BlackElo "1849"]
[WhiteTeam "Erfurter Schachklub"]
[BlackTeam "Hamburger SK"]
[PlyCount "89"]
[WhiteFideId "16232348"]
[BlackFideId "16201620"]
[EventCountry "GER"]
[EventRounds "7"]
[EventType "team-swiss"]
[EventDate "2019.12.26"]

1. e4 e5 2. Nf3 Nc6 3. Bc4 Bc5 4. O-O Nf6 5. d3 O-O 6. c3 d5 7. exd5 Nxd5 8.
Re1 Bg4 9. Nbd2 Nb6 10. Ne4 Nxc4 11. Nxc5 Nd6 12. Ne4 Kh8 13. Ng3 f6 14. h3 Bc8
15. d4 exd4 16. Nxd4 Nxd4 17. Qxd4 b6 18. Bf4 Bb7 19. Rad1 Rf7 20. Nf5 Rd7 21.
Bxd6 cxd6 22. Re6 Qg8 23. Rde1 d5 24. Nd6 Rad8 25. Nf5 Bc8 26. Ne7 Qf7 27. Qe3
Rc7 28. Nxc8 Rcxc8 29. Re7 d4 30. Rxf7 dxe3 31. Rxe3 Rd1+ 32. Kh2 Rd2 33. Ree7
Rg8 34. Rxa7 Rxf2 35. b4 Rc2 36. Rfb7 Rxc3 37. Rxb6 Rc2 38. Rbb7 Rb2 39. b5 Re8
40. a4 h6 41. Rxg7 Ree2 42. Rg6 f5 43. Rf7 Rf2 44. Rfg7 h5 45. b6 1-0

[Event "DVM U16 2019"]
[Site "Magdeburg GER"]
[Date "2019.12.27"]
[Round "1"]
[White "Klaas, Heiko"]
[Black "Seinsoth, Paul"]
[Result "1-0"]
[Termination "normal"]
[Board "3.4"]
[WhiteElo "1759"]
[BlackElo "1629"]
[WhiteTeam "Hamburger SK"]
[BlackTeam "Erfurter Schachklub"]
[PlyCount "77"]
[WhiteFideId "16215940"]
[BlackFideId "12994634"]
[EventCountry "GER"]
[EventRounds "7"]
[EventType "team-swiss"]
[EventDate "2019.12.26"]

1. e4 c5 2. Nc3 a6 3. Nf3 b5 4. d4 cxd4 5. Nxd4 Bb7 6. Be3 d6 7. Qd2 Nc6 8. f3
Qc7 9. Nd5 Qd8 10. Nxc6 Bxc6 11. Bb6 Qb8 12. Nc7+ Kd7 13. Nxa8 Bxa8 14. Be3 e6
15. O-O-O Be7 16. Qa5 Qc8 17. Bf4 d5 18. Bd3 Nf6 19. Rhe1 Rd8 20. g4 h6 21. e5
Ne8 22. Be3 Nc7 23. f4 Ke8 24. f5 d4 25. f6 gxf6 26. exf6 Bf8 27. Bf2 Bf3 28.
Be2 Bxe2 29. Rxe2 Nd5 30. Rxd4 Bc5 31. Rde4 Nxf6 32. Bxc5 Qxc5 33. Rf4 Qg5 34.
Rd2 Nd5 35. Rfd4 Qe3 36. Qxa6 b4 37. Qc6+ Kf8 38. Qc5+ Kg8 39. Rxd5 1-0

[Event "DVM U16 2019"]
[Site "Magdeburg GER"]
[Date "2019.12.27"]
[Round "1"]
[White "Post, Hugo"]
[Black "Brockhoff, Moritz"]
[Result "1-0"]
[Termination "normal"]
[Board "4.1"]
[WhiteElo "2181"]
[BlackElo "2014"]
[WhiteClock "00:15:44"]
[BlackClock "00:11:54"]
[WhiteTeam "Reideburger SV 90 Halle"]
[BlackTeam "SK Blauer Springer Paderborn 1926 e. V."]
[PlyCount "61"]
[WhiteFideId "12962490"]
[BlackFideId "16214927"]
[EventCountry "GER"]
[EventRounds "7"]
[EventType "team-swiss"]
[EventDate "2019.12.26"]

1. e4 {[%clk 1:30:52]} d6 {[%clk 1:30:49]} 2. d4 {[%clk 1:30:54]} Nf6 {[%clk
1:31:12]} 3. Nc3 {[%clk 1:31:07]} g6 {[%clk 1:31:32]} 4. Bg5 {[%clk 1:30:47]}
Bg7 {[%clk 1:31:56]} 5. Qd2 {[%clk 1:28:10]} O-O {[%clk 1:31:00]} 6. Nf3 {[%clk
1:26:22]} c6 {[%clk 1:28:55]} 7. Bd3 {[%clk 1:20:24]} Qc7 {[%clk 1:21:06]} 8.
Bh6 {[%clk 1:18:26]} e5 {[%clk 1:06:55]} 9. dxe5 {[%clk 1:01:31]} dxe5 {[%clk
1:06:55]} 10. h4 {[%clk 0:59:03]} Bxh6 {[%clk 0:48:52]} 11. Qxh6 {[%clk
0:59:14]} Ng4 {[%clk 0:48:55]} 12. Qd2 {[%clk 0:59:08]} h5 {[%clk 0:48:44]} 13.
Nh2 {[%clk 0:56:59]} Kg7 {[%clk 0:44:04]} 14. Nxg4 {[%clk 0:54:51]} Bxg4 {[%clk
0:44:18]} 15. f3 {[%clk 0:54:51]} Be6 {[%clk 0:44:44]} 16. O-O-O {[%clk
0:53:43]} Nd7 {[%clk 0:40:40]} 17. g4 {[%clk 0:50:37]} Nf6 {[%clk 0:34:38]} 18.
Rdg1 {[%clk 0:38:12]} Rh8 {[%clk 0:28:19]} 19. gxh5 {[%clk 0:32:47]} Nxh5
{[%clk 0:27:21]} 20. Ne2 {[%clk 0:31:00]} Rad8 {[%clk 0:26:48]} 21. Qc3 {[%clk
0:29:51]} f6 {[%clk 0:24:29]} 22. Rh2 {[%clk 0:27:05]} Bf7 {[%clk 0:20:44]} 23.
Rhg2 {[%clk 0:26:31]} Nf4 {[%clk 0:19:02]} 24. Nxf4 {[%clk 0:25:09]} exf4
{[%clk 0:19:29]} 25. Rg5 {[%clk 0:21:18]} Rxh4 {[%clk 0:16:51]} 26. Rf5 {[%clk
0:21:03]} Qe7 {[%clk 0:16:22]} 27. e5 {[%clk 0:21:04]} fxe5 {[%clk 0:16:24]}
28. Rxe5 {[%clk 0:21:00]} Qf6 {[%clk 0:16:49]} 29. Bxg6 {[%clk 0:19:55]} Rh6
{[%clk 0:13:15]} 30. Rf5 {[%clk 0:15:21]} Qxc3 {[%clk 0:11:54]} 31. Bxf7+
{[%clk 0:15:44]} 1-0

[Event "DVM U16 2019"]
[Site "Magdeburg GER"]
[Date "2019.12.27"]
[Round "1"]
[White "Stirnberg, Noah"]
[Black "Dietz, Florian"]
[Result "0-1"]
[Termination "normal"]
[Board "4.2"]
[WhiteElo "1877"]
[BlackElo "2116"]
[WhiteTeam "SK Blauer Springer Paderborn 1926 e. V."]
[BlackTeam "Reideburger SV 90 Halle"]
[PlyCount "74"]
[WhiteFideId "16207742"]
[BlackFideId "12939897"]
[EventCountry "GER"]
[EventRounds "7"]
[EventType "team-swiss"]
[EventDate "2019.12.26"]

1. f4 Nf6 2. Nf3 d5 3. g3 c5 4. Bg2 Nc6 5. O-O Bf5 6. d3 e6 7. Nh4 Be7 8. Nxf5
exf5 9. Nd2 Ng4 10. Nf3 O-O 11. h3 Nf6 12. Bd2 Re8 13. Kh2 Bf8 14. c3 Qb6 15.
b3 Rad8 16. Re1 h6 17. Qc2 c4 18. d4 Ne4 19. bxc4 Na5 20. Ne5 Nxc4 21. Nxc4
dxc4 22. Bxe4 fxe4 23. e3 Qa5 24. Reb1 Rd7 25. a4 a6 26. Ra2 Qh5 27. g4 Qd5 28.
Rb6 Bd6 29. Be1 Bc7 30. Rbb2 h5 31. Qg2 Re6 32. Bg3 Rh6 33. g5 Rb6 34. Qc2 Rb3
35. Qb1 Rxc3 36. Rxb7 Kh7 37. Re2 h4 0-1

[Event "DVM U16 2019"]
[Site "Magdeburg GER"]
[Date "2019.12.27"]
[Round "1"]
[White "Haufe, Laurin"]
[Black "Kraft, Adrian"]
[Result "1-0"]
[Termination "normal"]
[Board "5.2"]
[WhiteElo "2022"]
[BlackElo "1715"]
[WhiteTeam "Schachgemeinschaft Leipzig"]
[BlackTeam "SC Borussia Lichtenberg"]
[PlyCount "63"]
[WhiteFideId "12976504"]
[BlackFideId "16235010"]
[EventCountry "GER"]
[EventRounds "7"]
[EventType "team-swiss"]
[EventDate "2019.12.26"]

1. e4 g6 2. d4 Bg7 3. Nc3 d6 4. Nf3 Nf6 5. Bc4 O-O 6. O-O c6 7. a4 a5 8. h3 Na6
9. Be3 Nb4 10. Qd2 d5 11. exd5 cxd5 12. Bb3 Bf5 13. Ne2 Qb6 14. Nf4 Rfd8 15. c3
Nc6 16. Ba2 Be4 17. Ne1 Bf5 18. f3 Qc7 19. Ned3 e5 20. Nxe5 Nxe5 21. dxe5 Qxe5
22. Rfe1 Qc7 23. Nxd5 Nxd5 24. Bxd5 Be6 25. c4 Bxd5 26. cxd5 Ra6 27. Red1 Rad6
28. Rac1 Qd7 29. Qxa5 Rxd5 30. Rxd5 Qxd5 31. Qxd5 Rxd5 32. Rc8+ 1-0

[Event "DVM U16 2019"]
[Site "Magdeburg GER"]
[Date "2019.12.27"]
[Round "1"]
[White "Katzenbach, Linus"]
[Black "Wang, Ruiming"]
[Result "0-1"]
[Termination "normal"]
[Board "5.3"]
[WhiteElo "1672"]
[BlackElo "1808"]
[WhiteTeam "SC Borussia Lichtenberg"]
[BlackTeam "Schachgemeinschaft Leipzig"]
[PlyCount "82"]
[WhiteFideId "16257537"]
[BlackFideId "16217659"]
[EventCountry "GER"]
[EventRounds "7"]
[EventType "team-swiss"]
[EventDate "2019.12.26"]

1. e4 c5 2. Nf3 Nc6 3. d4 cxd4 4. Nxd4 g6 5. c4 Bg7 6. Be3 Nf6 7. Nc3 O-O 8.
Be2 b6 9. f4 Bb7 10. Bf3 Rc8 11. b3 d6 12. O-O Nd7 13. Rc1 Nc5 14. Bg4 Ra8 15.
Bf3 Qd7 16. Bg4 Qc7 17. Nd5 Qd8 18. Bf3 Rc8 19. b4 Bxd4 20. Bxd4 Nxd4 21. Qxd4
Ne6 22. Qd2 Bxd5 23. cxd5 Ng7 24. Be2 Qd7 25. Rxc8 Rxc8 26. Ba6 Rc7 27. Rc1 Nh5
28. g3 Nf6 29. Bd3 Rxc1+ 30. Qxc1 Qa4 31. a3 Qb3 32. Qc4 Qxc4 33. Bxc4 Nxe4 34.
Kg2 f5 35. Ba2 Kf7 36. Kf3 Nc3 37. Bb3 Nb5 38. Ke3 Nxa3 39. Kd4 Kf6 40. h3 Nb5+
41. Kd3 g5 0-1

[Event "DVM U16 2019"]
[Site "Magdeburg GER"]
[Date "2019.12.27"]
[Round "1"]
[White "Schäfer, Konstantin"]
[Black "Gillmeister, Gino"]
[Result "1/2-1/2"]
[Termination "normal"]
[Board "5.4"]
[WhiteElo "1766"]
[BlackElo "1599"]
[WhiteTeam "Schachgemeinschaft Leipzig"]
[BlackTeam "SC Borussia Lichtenberg"]
[PlyCount "109"]
[WhiteFideId "16240510"]
[BlackFideId "16224914"]
[EventCountry "GER"]
[EventRounds "7"]
[EventType "team-swiss"]
[EventDate "2019.12.26"]

1. e4 b6 2. d4 Bb7 3. Nc3 e6 4. Nf3 Bb4 5. Bd3 Nf6 6. Qe2 d5 7. e5 Ne4 8. Bd2
Nxd2 9. Nxd2 c5 10. Qg4 O-O 11. Nf3 h6 12. a3 cxd4 13. axb4 dxc3 14. bxc3 Qc7
15. Ra3 Nd7 16. Qh5 f5 17. exf6 Nxf6 18. Qe5 Qe7 19. O-O a5 20. Rfa1 axb4 21.
Rxa8 Rxa8 22. Rxa8+ Bxa8 23. Qb8+ Qe8 24. Qxb6 bxc3 25. Ne5 Qc8 26. Bg6 Bb7 27.
Bf7+ Kh8 28. Bxe6 Qa8 29. h3 d4 30. Nf7+ Kh7 31. Bf5+ Kg8 32. Qe6 Qe8 33. Nxh6+
Kf8 34. Qd6+ Qe7 35. Qb8+ Qe8 36. Qxb7 Qe1+ 37. Kh2 Qe5+ 38. g3 gxh6 39. Qf3
Qd5 40. Kg2 Ke7 41. Qxd5 Nxd5 42. Kf3 Nb4 43. Ke2 Kf6 44. Bh7 Kg5 45. f4+ Kf6
46. g4 Nd5 47. Kd3 Nxf4+ 48. Kxd4 Nxh3 49. Kxc3 Nf2 50. Kd4 Nxg4 51. c4 Ke7 52.
Be4 Nf6 53. Bf3 Kd6 54. c5+ Kc7 55. Ke5 1/2-1/2

[Event "DVM U16 2019"]
[Site "Magdeburg GER"]
[Date "2019.12.27"]
[Round "1"]
[White "Bethke, Richard"]
[Black "Gubariev, Jakob"]
[Result "1-0"]
[Termination "normal"]
[Board "6.1"]
[WhiteTitle "FM"]
[WhiteElo "2332"]
[BlackElo "1896"]
[WhiteTeam "SF Neuberg"]
[BlackTeam "Schachfreunde Augsburg"]
[PlyCount "105"]
[WhiteFideId "12959243"]
[BlackFideId "16216938"]
[EventCountry "GER"]
[EventRounds "7"]
[EventType "team-swiss"]
[EventDate "2019.12.26"]

1. e4 e6 2. d4 d5 3. Nd2 Nf6 4. e5 Nfd7 5. Bd3 c5 6. c3 Nc6 7. Ne2 cxd4 8. cxd4
f6 9. exf6 Nxf6 10. Nf3 Bd6 11. O-O O-O 12. Bg5 Qc7 13. Rc1 Bd7 14. Bh4 Rac8
15. Re1 Qb6 16. Rc2 Rfe8 17. Bg3 e5 18. dxe5 Nxe5 19. Nxe5 Bxe5 20. Rxc8 Bxc8
21. Nc3 Bxg3 22. Rxe8+ Nxe8 23. hxg3 Nf6 24. Nxd5 Nxd5 25. Bc4 Be6 26. Bxd5
Bxd5 27. Qxd5+ Kh8 28. Qe5 h6 29. g4 Qa6 30. a3 Qc6 31. Kh2 Qb6 32. Kg3 Qd8 33.
f3 Kg8 34. b4 Kh8 35. a4 Kg8 36. a5 Kh8 37. Qe4 Qc7+ 38. Kh3 Qc8 39. b5 Qc7 40.
Qb4 Qc8 41. Qd6 Qe8 42. b6 axb6 43. axb6 Kh7 44. Qc7 Qa8 45. Kh2 Qa6 46. f4 Qa4
47. Qxb7 Qxf4+ 48. Kh3 Qe3+ 49. g3 h5 50. gxh5 Qe6+ 51. Kh2 Qe2+ 52. Qg2 Qxh5+
53. Qh3 1-0

[Event "DVM U16 2019"]
[Site "Magdeburg GER"]
[Date "2019.12.27"]
[Round "1"]
[White "Brückner, Alexander"]
[Black "Bethke, Robert"]
[Result "1-0"]
[Termination "normal"]
[Board "6.2"]
[WhiteElo "1876"]
[BlackElo "2046"]
[WhiteTeam "Schachfreunde Augsburg"]
[BlackTeam "SF Neuberg"]
[PlyCount "145"]
[WhiteFideId "12952613"]
[BlackFideId "12959251"]
[EventCountry "GER"]
[EventRounds "7"]
[EventType "team-swiss"]
[EventDate "2019.12.26"]

1. e4 e5 2. Nf3 Nf6 3. Nxe5 d6 4. Nf3 Nxe4 5. Nc3 Nxc3 6. dxc3 Be7 7. Bd3 Nc6
8. Be3 Be6 9. Qd2 Qd7 10. O-O-O a6 11. Kb1 Ne5 12. Nxe5 dxe5 13. Qe2 Qc8 14. h3
f5 15. f3 c5 16. Bc4 O-O 17. g4 b5 18. Bd5 Bxd5 19. Rxd5 Qe6 20. Rhd1 fxg4 21.
hxg4 e4 22. f4 Rae8 23. Re5 Qc6 24. f5 c4 25. Re6 Qb7 26. Qh2 Rf6 27. Rh1 h6
28. g5 Rxe6 29. fxe6 Bxg5 30. Bxg5 Rxe6 31. Be3 Qf7 32. Rg1 Kh7 33. Qg2 Re5 34.
Bd4 Re7 35. Rf1 Qh5 36. Qf2 Qh3 37. Qf8 e3 38. Rg1 Qd7 39. Qf3 e2 40. Re1 Qe6
41. Kc1 g5 42. Kd2 g4 43. Qxe2 Qxe2+ 44. Rxe2 Rxe2+ 45. Kxe2 Kg6 46. Kf2 Kf5
47. Kg3 h5 48. b3 Kg5 49. Be3+ Kf5 50. Kh4 Ke4 51. Bd4 Kf3 52. Kxh5 g3 53. Kg5
Ke2 54. bxc4 bxc4 55. Kf4 Kd2 56. Ke4 Kxc2 57. Kd5 Kd3 58. Kc5 g2 59. Kb4 a5+
60. Kxa5 g1=Q 61. Bxg1 Kxc3 62. Be3 Kd3 63. Bf4 Ke4 64. Bc1 Kd5 65. Kb6 c3 66.
a4 Kc4 67. a5 c2 68. a6 Kb3 69. a7 Ka2 70. a8=Q+ Kb1 71. Bh6 Kb2 72. Qc6 Ka1
73. Kb5 1-0

[Event "DVM U16 2019"]
[Site "Magdeburg GER"]
[Date "2019.12.27"]
[Round "1"]
[White "Hamkar, Behzad"]
[Black "Emmerich, Julian"]
[Result "1-0"]
[Termination "normal"]
[Board "6.4"]
[WhiteElo "1223"]
[BlackElo "1270"]
[WhiteTeam "Schachfreunde Augsburg"]
[BlackTeam "SF Neuberg"]
[PlyCount "63"]
[WhiteFideId "16255631"]
[BlackFideId "16274822"]
[EventCountry "GER"]
[EventRounds "7"]
[EventType "team-swiss"]
[EventDate "2019.12.26"]

1. e4 e5 2. Nf3 Nc6 3. d4 exd4 4. Bc4 Nf6 5. e5 d5 6. Bb5 Ne4 7. Nxd4 Bd7 8.
Bxc6 bxc6 9. O-O Bb4 10. Nd2 Nxd2 11. Bxd2 Bxd2 12. Qxd2 O-O 13. Nb3 f6 14. f4
Qe7 15. Qe3 fxe5 16. fxe5 Rxf1+ 17. Rxf1 Rf8 18. Re1 a6 19. e6 Bc8 20. Nc5 Rf6
21. b4 Rh6 22. g3 Rf6 23. a3 Rg6 24. Qe2 a5 25. c4 axb4 26. axb4 Rf6 27. cxd5
cxd5 28. Qe5 c6 29. Qb8 Rf8 30. Qb6 Qe8 31. e7 Rf7 32. Qd8 1-0

[Event "DVM U16 2019"]
[Site "Magdeburg GER"]
[Date "2019.12.27"]
[Round "1"]
[White "Liebold, Aaron"]
[Black "Bosselmann, Tom Linus"]
[Result "0-1"]
[Termination "normal"]
[Board "7.1"]
[WhiteElo "2001"]
[BlackElo "2077"]
[WhiteTeam "ESV Gera"]
[BlackTeam "Lübecker SV von 1873"]
[PlyCount "131"]
[WhiteFideId "12997846"]
[BlackFideId "12983845"]
[EventCountry "GER"]
[EventRounds "7"]
[EventType "team-swiss"]
[EventDate "2019.12.26"]

1. e4 c5 2. Ne2 d6 3. g3 Nc6 4. Bg2 g6 5. O-O Bg7 6. c3 Nf6 7. d4 cxd4 8. cxd4
Qb6 9. h3 Nd7 10. Be3 Qxb2 11. Nbc3 Qb4 12. Rb1 Qa5 13. Qc2 a6 14. f4 e5 15.
fxe5 dxe5 16. d5 Ne7 17. d6 Nc6 18. Nd5 O-O 19. Qc4 Qa3 20. Nec3 Qxd6 21. Rfd1
Nd4 22. a4 b6 23. Ne2 Bb7 24. Nxd4 exd4 25. Bxd4 Rac8 26. Qd3 Bxd5 27. Bxg7
Kxg7 28. Qxd5 Qxd5 29. Rxd5 Rc7 30. Rd6 Rb8 31. g4 Kf8 32. Bf1 Ke7 33. Rd5 Nc5
34. Rd4 Rd7 35. Rc4 Rc7 36. Rd4 Rc6 37. Kf2 Rd8 38. Rxd8 Kxd8 39. Ke3 Re6 40.
Rb4 f5 41. gxf5 gxf5 42. Bg2 fxe4 43. a5 b5 44. Kd4 Nb7 45. Bxe4 Nxa5 46. Kc5
Rh6 47. Bd5 Kc7 48. Rg4 Nb7+ 49. Bxb7 Kxb7 50. Rg7+ Kc8 51. Ra7 Kb8 52. Rg7
Rxh3 53. Kb6 Kc8 54. Kxa6 b4 55. Rg4 b3 56. Rb4 Kd7 57. Kb5 h5 58. Ka4 Ke6 59.
Ka3 Kf5 60. Kb2 Rf3 61. Kc1 Kg5 62. Kd2 h4 63. Ke2 Rg3 64. Kf2 Rc3 65. Kg2 h3+
66. Kh2 0-1

[Event "DVM U16 2019"]
[Site "Magdeburg GER"]
[Date "2019.12.27"]
[Round "1"]
[White "Rietschel, Tilo"]
[Black "Helmsdorf, Marius"]
[Result "1-0"]
[Termination "normal"]
[Board "7.2"]
[WhiteElo "2005"]
[BlackElo "1574"]
[WhiteTeam "Lübecker SV von 1873"]
[BlackTeam "ESV Gera"]
[PlyCount "65"]
[WhiteFideId "16208390"]
[BlackFideId "16274873"]
[EventCountry "GER"]
[EventRounds "7"]
[EventType "team-swiss"]
[EventDate "2019.12.26"]

1. e4 e6 2. d4 d5 3. Nc3 Nf6 4. Bg5 Be7 5. e5 Nfd7 6. Bxe7 Qxe7 7. Nf3 O-O 8.
Be2 a6 9. O-O c5 10. dxc5 Nc6 11. Re1 Ndxe5 12. Nxe5 Nxe5 13. Bf1 Qc7 14. Na4
Bd7 15. Nb6 Rad8 16. Qd4 Nc6 17. Qh4 Ne5 18. b4 Ng6 19. Qh5 h6 20. g3 Bb5 21.
Bg2 Bc6 22. Rad1 Ne7 23. c3 Nc8 24. Nxc8 Qxc8 25. Rd4 Bb5 26. f4 Kh7 27. g4 g6
28. Qh4 f5 29. gxf5 gxf5 30. Qe7+ Kg8 31. Rxe6 Rde8 32. Rg6+ Kh8 33. Qg7# 1-0

[Event "DVM U16 2019"]
[Site "Magdeburg GER"]
[Date "2019.12.27"]
[Round "1"]
[White "Frank, Marian"]
[Black "Glinzner, Alva"]
[Result "0-1"]
[Termination "normal"]
[Board "7.3"]
[WhiteElo "1286"]
[BlackElo "1812"]
[WhiteTeam "ESV Gera"]
[BlackTeam "Lübecker SV von 1873"]
[PlyCount "90"]
[WhiteFideId "16245059"]
[BlackFideId "16206169"]
[EventCountry "GER"]
[EventRounds "7"]
[EventType "team-swiss"]
[EventDate "2019.12.26"]

1. d4 Nf6 2. Nf3 e6 3. c4 d5 4. e3 Be7 5. Nc3 c6 6. Bd3 Nbd7 7. O-O O-O 8. b3
Re8 9. Bb2 Bd6 10. Rc1 e5 11. dxe5 Nxe5 12. Rc2 dxc4 13. Bxc4 Nxc4 14. bxc4 Qe7
15. Rd2 Bc7 16. Qb3 Ng4 17. h3 Ne5 18. Nd4 Qc5 19. Nce2 Qxc4 20. Rc1 Qxb3 21.
axb3 Bb6 22. b4 Bd7 23. Nb5 cxb5 24. Bxe5 Bxh3 25. gxh3 Rxe5 26. Rd7 Rb8 27.
Kh2 Kf8 28. Nc3 Ke8 29. Rcd1 Bd8 30. R1d3 a6 31. Kg3 Re6 32. f4 Be7 33. Na2
Rxe3+ 34. Kg4 Rxd3 35. Rxd3 Rc8 36. Re3 Rc4 37. Nc3 Kf8 38. Nd5 Bxb4 39. Nb6
Rd4 40. Kf5 Bc5 41. Na8 g6+ 42. Kg4 b4 43. Re1 Rd3 44. Kg5 Be7+ 45. Kg4 h5# 0-1